| 000 | 00751nam a2200265 a 4500 | ||
|---|---|---|---|
| 003 | BD-JhCC | ||
| 005 | 20230712083734.0 | ||
| 008 | 230623s20172020ii |||| || | 000 0 eng d | ||
| 020 | _a9780199478071 | ||
| 020 | _a0199478074 | ||
| 035 | _a(BD-JhCC) | ||
| 040 |
_aBD-JhCC _dBD-JhCC |
||
| 041 | _aeng | ||
| 082 |
_a491.443 _bOXF 2020 |
||
| 245 |
_aOxford English-English-Bengali dictionary / _cedited by Moitreyee Mitra and Dipendranath Mitra |
||
| 250 | _a9th ed. | ||
| 260 |
_aNew Delhi : _bOxford University Press, _c2020. |
||
| 300 |
_a1485 p. : _c23 cm. |
||
| 650 | _aEnglish Dictionary | ||
| 650 | _aDictionaries, Bengali | ||
| 700 | _aMitra, Moitreyee | ||
| 700 | _aMitra, Dipendranath | ||
| 942 |
_2ddc _cREF |
||
| 999 |
_c13130 _d13130 |
||